000 02293nam a2200289 a 4500
001 ASIN041562990X
005 20170105102930.0
008 140115s2013 xxu eng d
020 _a041562990X (hardcover)
_c$135.00
020 _a9780415629904 (hardcover)
040 _a0
050 0 4 _aHM1126
082 0 4 _a303.69
_bCON 2013
245 0 0 _aConflict resolution and human needs :
_blinking theory and practice /
_cKevin Avruch, Christopher Mitchell.
250 _a0th ed.
260 _a[S.l.] :
_bRoutledge,
_c2013.
300 _a264 p. ;
_c24 cm.
490 1 _aRoutledge studies in peace and conflict resolution.
520 _aThis edited volume examines Basic Human Needs theory and interactive problem solving, looking at recent developments in thinking about both and how these might affect peacebuilding in contemporary conflicts of the twenty-first century. The era in the immediate aftermath of World War II was, paradoxically, a time of great optimism in parts of academia. There was, especially in the United States and much of Europe, a widespread belief in the social sciences that systematic scholarly analysis would enable humanity to understand and do something about the most complex of social processes, and thus about solving persistent human problems: unemployment, delinquency, racism, under-development, and even issues of conflict, war and peace. This book examines the evolution of the Basic Human Needs theory and is divided into two key parts: Basic Human Needs in Theory and Basic Human Needs in Practice. Exploring this theory through a wide range of different lenses, including gender, ethics and power, the volume brings together some of the leading scholars in the field of peace and conflict studies and draws upon research both past and present to forecast where the movement is headed in the future. This book will be of much interest to students of peace and conflict studies, conflict resolution, psychology, security studies and IR.
650 0 _aBasic needs
650 0 _aConflict management
700 1 _aAvruch, Kevin.
700 1 _aMitchell, Christopher.
830 0 _aRoutledge studies in peace and conflict resolution.
856 4 0 _3Amazon.com
_uhttp://www.amazon.com/exec/obidos/ASIN/041562990X/chopaconline-20
942 _2ddc
_cBK
999 _c16014
_d16014